Todas las capitales europeas - Quiz de imagen - Estadísticas

Estadísticas generales
  • Esta prueba ha sido intentada 116 veces
  • La puntuación promedio es 18 de 45
Estadísticas de respuestas
Imagen Respuesta % Correcto
Berlín
93%
Moscú
93%
Madrid
91%
París
91%
Londres
86%
Roma
86%
Ciudad del Vaticano
85%
Atenas
80%
Bruselas
72%
Ámsterdam
65%
Copenhague
65%
Dublin
64%
Mónaco
64%
Budapest
60%
Lisboa
49%
La Valeta
45%
Skopie
43%
Zagreb
41%
Praga
39%
Minsk
38%
Helsinki
34%
San Marino
32%
Andorra
31%
Reikiavik
30%
Varsovia
30%
Bucarest
27%
Kiev
27%
Tirana
27%
Bratislava
26%
Estocolmo
25%
Tallin
23%
Vaduz
23%
Berna
22%
Luxemburgo
19%
Oslo
17%
Belgrado
16%
Chișinău
13%
Liubliana
13%
Riga
13%
Viena
13%
Podgorica
10%
Sofía
10%
Vilna
9%
Sarajevo
7%
Pristina
6%
No se encontraron pruebas coincidentes
Distribución de puntuación
Porcentaje de gente con cada puntuación
Porcentaje por número respondido
Historial de tus puntuaciones
No has intentado esta prueba.